Analysis of tools and methods identified in the management of the INTERREG IIIB and IIIC programmes 2000-2006

Uloženo v:
Podrobná bibliografie
Médium: Program Kniha
Jazyk:angličtina
Vydáno: Valencia : Generalitat Valenciana, Conselleria de Economia Hacienda y Empleo, Dirección General de Economia, 2007
Témata:
On-line přístup: Získat plný text
Tagy: Přidat tag
Žádné tagy, Buďte první, kdo vytvoří štítek k tomuto záznamu!

MARC

LEADER 00000nlm a2200000 4500
003 SK-BrCVT
005 20220617223838.0
007 c
008 070606s2007 sp e d ||||||eng d
035 |a CVTIDW1415082 
040 |b slo  |a EURO:i:portál   |e AACR2 
041 0 |a eng 
044 |a sp 
245 1 0 |a Analysis of tools and methods identified in the management of the INTERREG IIIB and IIIC programmes 2000-2006  |h [elektronický zdroj] 
260 |a Valencia :  |b Generalitat Valenciana, Conselleria de Economia Hacienda y Empleo, Dirección General de Economia,  |c 2007 
300 |a 144 s. :  |b obr., tab. ; 
500 |a 14/c 
653 1 |a projekty  |a Európsky regionálny a rozvojový fond  |a podpora podnikania  |a regionálna politika 
856 4 |u http://www.edis.sk/ekes/1319342.pdf 
910 |b KED01668 
959 |a TS1300 
974 |f Knihy neprofilové 
999 |c 155894  |d 155894